| 000 | 00970nam a22002417a 4500 | ||
|---|---|---|---|
| 008 | 240619b mp ||||| |||| 00| 0 mon d | ||
| 020 | _a978-99973-1-504-4 | ||
| 035 | _a24281 | ||
| 040 |
_aUV1862160 _bmon _cMN-UlNLM _dMN-UlNLM _erda |
||
| 041 | _amon | ||
| 042 | _a81563 | ||
| 082 |
_210-t _a158.92 _bФ.859 |
||
| 100 | _aФавилли Э., Франческа К. | ||
| 245 | 0 | _aТэрслүү охидод зориулсан бяцхан түүхүүд | |
| 264 |
_aУлаанбаатар _bМонсудар ХГ _c2017 |
||
| 300 | _a212х. | ||
| 336 |
_2rdacontent _atext _btxt |
||
| 337 |
_2rdamedia _aunmediated _bn |
||
| 338 |
_2rdacarrier _avolume _bnc |
||
| 650 | _aЭнэхүү номд дурдагдсан гайхалтай бүсгүйчүүд ямар чухал нээлт хийж, ямар их зүрх зориг шаардсан адал явдал туулж, хэчнээн сод уха... | ||
| 942 |
_210-t _cBK |
||
| 999 |
_c925311 _d925368 |
||